Mini-symposium on "Is Keynesian demand management policy still viable? (Registro nro. 29306)

Detalles MARC
000 -LEADER
fixed length control field 00377 a2200109 4500
001 - CONTROL NUMBER
control field ART_45387
005 - DATE AND TIME OF LATEST TRANSACTION
control field 20260410161939.0
008 - FIXED-LENGTH DATA ELEMENTS--GENERAL INFORMATION
fixed length control field 260409a
100 1# - MAIN ENTRY--PERSONAL NAME
Personal name Davidson, Paul
245 10 - TITLE STATEMENT
Title Mini-symposium on "Is Keynesian demand management policy still viable?
773 0# - HOST ITEM ENTRY
Title Journal of post Keynesian economics
Related parts - Vol. 17, Nº 2 (dic.1994/mar.1995)
Record control number REV26226

No hay ítems disponibles.